LEADER 01341nam 2200433 450 001 9910822389903321 005 20220531075739.0 010 $a84-9148-404-3 035 $a(CKB)3840000000348961 035 $a(MiAaPQ)EBC5349634 035 $a(MiAaPQ)EBC6522261 035 $a(Au-PeEL)EBL6522261 035 $a(OCoLC)1170911674 035 $a(OCoLC)1105897160 035 $a(FlNmELB)ELB58914 035 $a(EXLCZ)993840000000348961 100 $a20220531d2017 uy 0 101 0 $aspa 135 $aurcnu|||||||| 181 $2rdacontent 182 $2rdamedia 183 $2rdacarrier 200 13$aEl Pensamiento Poli?tico Del Emperador $eVIII Premio de Investigacion Ex Aequo de la Fundacion Caballeros de Yuste 2017 /$fConsuelo Martinez-Sicluna y Sepulveda 210 1$aMadrid :$cDykinson, S.L.,$d[2017] 210 4$d©2017 215 $a1 online resource (139 pa?ginas) 311 $a84-9148-386-1 606 $aPolitical science$xPhilosophy 607 $aEurope$xHistory 615 0$aPolitical science$xPhilosophy. 676 $a320.01 700 $aMarti?nez-Sicluna y Sepu?lveda$b Consuelo$0598413 801 0$bMiAaPQ 801 1$bMiAaPQ 801 2$bMiAaPQ 906 $aBOOK 912 $a9910822389903321 996 $aEl Pensamiento Poli?tico Del Emperador$94034205 997 $aUNINA LEADER 05814nam 22014653u 450 001 9910433256503321 005 20250722142320.0 010 $a9783954660155 010 $a3954660156 010 $a9783954660148 010 $a3954660148 035 $a(CKB)3710000000221310 035 $a(EBL)1761931 035 $a(SSID)ssj0001294464 035 $a(PQKBManifestationID)12531809 035 $a(PQKBTitleCode)TC0001294464 035 $a(PQKBWorkID)11316993 035 $a(PQKB)11762209 035 $a(ScCtBLL)8020833e-5272-403a-ae40-08fdf7521213 035 $a54dc8f26-7ad8-49f3-9bdb-5187b0dd2d03 035 $a(oapen)https://directory.doabooks.org/handle/20.500.12854/29275 035 $a(MiAaPQ)EBC7141523 035 $a(Au-PeEL)EBL7141523 035 $a(OCoLC)1397572139 035 $a(Perlego)2328453 035 $a(oapen)doab29275 035 $a(EXLCZ)993710000000221310 100 $a20140818d2013|||| u|| | 101 0 $ager 135 $aur|n|---||||| 181 $ctxt 182 $cc 183 $acr 200 14$aDer freie Wille und die Schuldfähigkeit $ein Recht, Psychiatrie und Neurowissenschaften 205 $a1. Auflage 210 $aBerlin $cMedizinisch Wissenschaftliche Verlagsgesellschaft$d2013 210 31$aBerlin$cMedizinisch Wissenschaftliche Verlagsgesellschaft$d2010 215 $a1 online resource (247 p.) 225 1 $aWiener Schriftenreihe fu?r Forensische Psychiatrie ;$vv.1 300 $aDescription based upon print version of record. 311 08$a9783941468238 311 08$a3941468235 327 $aMit Beiträgen zu u.a. folgenden Themen: - Der freie Wille - ein problemgeschichtlicher Abriss - Warum und wann erscheinen uns Entscheidungen als frei? - Freier Wille und Gehirn - eine neuro-relationale Hypothese - Perspektiven der Neurophilosophie - Willensfreiheit in rechtsphilosophischer Perspektive - Psychiatriehistorische und psychopathologische Aspekte der Debatte um den ?freien Willen? - Die Beurteilung der Willenseinschränkungen in der forensischen Psychiatrie - Hirnforschung, Gewalt und Strafe - Erkenntnisse neurowissenschaftlicher Forschung - Die substanzbedingte Einschränkung des freien Willens - Wie frei ist der Mensch mit einer Paraphilie? - Die Neurowissenschaften im Schuldstrafrecht - Die Perspektive des forensisch-psychiatrischen Gutachters - Die Debatte über den freien Willen - Konsequenzen für die forensische Psychiatrie? 330 $aBereits seit der griechischen Antike wurde die Frage nach dem freien Willen und damit auch nach der Schuldfa?higkeit von Strafta?tern immer wieder aufgegriffen. Im 20. Jahrhundert wurde die Idee der Existenz eines freien Willens von unterschiedlichen wissenschaftlichen Richtungen vehement kritisiert: Sowohl Freud und seine Nachfolger, wie auch die modernen Sozialwissenschaften und naturwissenschaftliche Disziplinen wie die vergleichende Verhaltensforschung, die Verhaltensgenetik und die Hirnforschung stellen das Konzept des freien Willens in Frage. Das Unbewusste, die soziale Pra?gun 410 0$aWiener Schriftenreihe fu?r Forensische Psychiatrie 606 $aCrime -- Sociological aspects -- Congresses 606 $aCrimes 606 $aMedicine 606 $aBiology 606 $aPrinciple-Based Ethics 606 $aPsychiatry 606 $aPsychological Phenomena 606 $aFreedom 606 $aJurisprudence 606 $aForensic Medicine 606 $aNeurosciences 606 $aEthics 606 $aForensic Sciences 606 $aSocial Control, Formal 606 $aBiological Science Disciplines 606 $aHuman Rights 606 $aPsychiatry 606 $aBehavioral Sciences 606 $aMedicine 606 $aPhilosophy 606 $aHealth Care Economics and Organizations 606 $aHumanities 606 $aSociology 606 $aNatural Science Disciplines 606 $aHealth Occupations 606 $aCriminology 606 $aBehavioral Disciplines and Activities 606 $aSocial Sciences 606 $aOccupations 606 $aDelivery of Health Care 606 $aForensic Psychiatry 606 $aPersonal Autonomy 606 $aNeurobiology 610 $aPhilosophy 610 $aFree Will & Determinism 610 $aLaw 610 $aForensic Science 615 4$aCrime -- Sociological aspects -- Congresses. 615 4$aCrimes. 615 4$aMedicine. 615 2$aBiology. 615 2$aPrinciple-Based Ethics. 615 2$aPsychiatry. 615 2$aPsychological Phenomena. 615 2$aFreedom. 615 2$aJurisprudence. 615 2$aForensic Medicine. 615 2$aNeurosciences. 615 2$aEthics. 615 2$aForensic Sciences. 615 2$aSocial Control, Formal. 615 2$aBiological Science Disciplines. 615 2$aHuman Rights. 615 2$aPsychiatry 615 2$aBehavioral Sciences. 615 2$aMedicine. 615 2$aPhilosophy. 615 2$aHealth Care Economics and Organizations. 615 2$aHumanities. 615 2$aSociology. 615 2$aNatural Science Disciplines. 615 2$aHealth Occupations. 615 2$aCriminology. 615 2$aBehavioral Disciplines and Activities. 615 2$aSocial Sciences. 615 2$aOccupations. 615 2$aDelivery of Health Care. 615 2$aForensic Psychiatry. 615 2$aPersonal Autonomy. 615 2$aNeurobiology. 676 $a611 700 $aStompe$b Thomas$0868054 701 $aSchanda$b Hans$0868055 801 0$bAU-PeEL 801 1$bAU-PeEL 801 2$bAU-PeEL 906 $aBOOK 912 $a9910433256503321 996 $aDer freie Wille und die Schuldfa?higkeit$91937762 997 $aUNINA LEADER 04323oas 2201441 a 450 001 9910626200503321 005 20260127110056.0 011 $a1558-366X 035 $a(DE-599)ZDB2042158-8 035 $a(OCoLC)41579332 035 $a(CONSER) 2005215256 035 $a(CKB)954925626328 035 $a(DE-599)2042158-8 035 $a(EXLCZ)99954925626328 100 $a19990621a19999999 sy a 101 0 $aeng 135 $aurcnu|||||||| 181 $ctxt$2rdacontent 182 $cc$2rdamedia 183 $acr$2rdacarrier 200 10$aComputing in science & engineering 210 $aCollege Park, Md. $cAIP ;$aLos Alamitos, CA $cIEEE Computer Society$d©1999- 300 $aRefereed/Peer-reviewed 300 $a"A joint publication of AIP and the IEEE Computer Society." 311 08$a1521-9615 517 3 $aComputing in science and engineering 517 1 $aAIP/IEEE's computing in science & engineering 531 0 $aComput. sci. eng. 606 $aScience$xData processing$vPeriodicals 606 $aEngineering$xData processing$vPeriodicals 606 $aScience$xData processing$xPeriodicals 606 $aEngineering$xData processing$xPeriodicals 606 $aPhysics$xData processing$xPeriodicals 606 $aTechnology$xData processing$xPeriodicals 606 $aSciences$xInformatique$xPe?riodiques 606 $aInge?nierie$xInformatique$xPe?riodiques 606 $aPhysique$xInformatique$xPe?riodiques 606 $aTechnologie$xInformatique$xPe?riodiques 606 $aSciences$xInformatique$vPe?riodiques 606 $aInge?nierie$xInformatique$vPe?riodiques 606 $aTechnology$xData processing$2fast$3(OCoLC)fst01145101 606 $aPhysics$xData processing$2fast$3(OCoLC)fst01063041 606 $aEngineering$xData processing$2fast$3(OCoLC)fst00910334 606 $aScience$xData processing$2fast$3(OCoLC)fst01108207 606 $aDatenverarbeitung$2gnd 606 $aIngenieurwissenschaften$2gnd 606 $aZeitschrift$2gnd 606 $aOnline-Ressource$2gnd 606 $aNaturwissenschaften$2gnd 606 $aComputers$2gtt 606 $aToepassingen$2gtt 608 $aPeriodicals.$2fast 615 0$aScience$xData processing 615 0$aEngineering$xData processing 615 0$aScience$xData processing$xPeriodicals. 615 0$aEngineering$xData processing$xPeriodicals. 615 0$aPhysics$xData processing$xPeriodicals. 615 0$aTechnology$xData processing$xPeriodicals. 615 6$aSciences$xInformatique$xPe?riodiques. 615 6$aInge?nierie$xInformatique$xPe?riodiques. 615 6$aPhysique$xInformatique$xPe?riodiques. 615 6$aTechnologie$xInformatique$xPe?riodiques. 615 6$aSciences$xInformatique 615 6$aInge?nierie$xInformatique 615 7$aTechnology$xData processing. 615 7$aPhysics$xData processing. 615 7$aEngineering$xData processing. 615 7$aScience$xData processing. 615 7$aDatenverarbeitung 615 7$aIngenieurwissenschaften 615 7$aZeitschrift. 615 7$aOnline-Ressource 615 7$aNaturwissenschaften 615 17$aComputers. 615 17$aToepassingen. 676 $a621.39 712 02$aIEEE Computer Society 712 02$aAmerican Institute of Physics 801 0$bIRU 801 1$bIRU 801 2$bOCLCQ 801 2$bNSD 801 2$bIUL 801 2$bCFI 801 2$bU9S 801 2$bOCLCQ 801 2$bOCLCE 801 2$bUKMGB 801 2$bWAU 801 2$bOCLCQ 801 2$bOCLCF 801 2$bZCU 801 2$bOCLCO 801 2$bOCLCQ 801 2$bOCLCO 801 2$bDEFHM 801 2$bOCLCO 801 2$bOCLCA 801 2$bAU@ 801 2$bOCLCO 801 2$bVT2 801 2$bOCLCA 801 2$bSFB 801 2$bCGU 801 2$bOCLCO 801 2$bQGK 801 2$bOCLCO 801 2$bOCLCQ 801 2$bOCL 801 2$bUAB 801 2$bHNC 801 2$bOCLCL 801 2$bRCE 801 2$bLEAUB 801 2$bZXX 801 2$bCNTRU 801 2$bS2H 801 2$bOCLCL 801 2$bOCLCQ 906 $aJOURNAL 912 $a9910626200503321 996 $aComputing in science & engineering$91110780 997 $aUNINA